Between Marx and Muhammed : the changing face of Cultural Asia.
| Main Author: | |
|---|---|
| Format: | Book |
| Published: |
London:
Harper Collins,
1995.
|
| Subjects: |
| LEADER | 00503cam a2200169 7i4500 | ||
|---|---|---|---|
| 001 | 0000005458 | ||
| 005 | 19991025090000.0 | ||
| 002 | ##000007092 | ||
| 020 | 0 | 0 | |a 0-00-638367-X |
| 090 | 0 | 0 | |a B 320.5 |b DIL |
| 100 | 0 | 0 | |a Dilip, Hiro |
| 245 | 0 | 0 | |a Between Marx and Muhammed : |b the changing face of Cultural Asia. |
| 260 | 0 | 0 | |a London: |b Harper Collins, |c 1995. |
| 300 | 0 | 0 | |a 404p.. |
| 650 | 0 | 0 | |a Central Asia -- |x Political aspects |
| 651 | 0 | 0 | |a Central Asia |
| 999 | |a 000006437 |b Book |c Open shelf |e Business Information Centre | ||


